| 000 | 04189nkm0a2200553 4500 | ||
|---|---|---|---|
| 001 | RU\NLR\BIBL_A\021991192 | ||
| 005 | 20260409173600.0 | ||
| 035 | _a(NLR Aleph) 021991192 | ||
| 090 |
_a13649514 _c13649514 |
||
| 100 | _a20230729d1913 u y0rusy50 ca | ||
| 101 | 0 | _arus | |
| 102 | _aRU | ||
| 116 | _aiiycxx bf ac | ||
| 135 | _acrcn 024anaba | ||
| 181 | 0 |
_ab4 _bxb2e |
|
| 182 | 0 | _an | |
| 200 | 1 |
_aЮбилейный. В память трехсотлетия царствующего дома _iПроцветание наук _eконфект _eТоварищество А. И. Абрикосова с-ей, Москва _e[обертка] |
|
| 203 |
_aИзображение _bнеподвижное _bдвухмерное _bвизуальное _cнепосредственное |
||
| 210 |
_aМосква _cЛит. Т-ва И. Н. Кушнерев и Ко _d[1913] |
||
| 215 |
_a1 л. _cхромолитогр. _d7,9х9,3 |
||
| 300 | _aНа обертке также знак поставщика Двора Его Императорского Величества, два малых государственных герба Российской империи с датами: "1882" и "1896" | ||
| 316 |
_aЭкз. РНБ на шифре Э Пр.гр./Э901-1-1, Эаф15016: на паспарту 8,1х9,4 см _5NLR: Э Пр.гр./Э901-1-1 |
||
| 316 |
_aЭкз. РНБ на шифре Э Пр.гр./Э901-1-1, Эаф15443: на паспарту 8,2х9,7 см _5NLR: Э Пр.гр./Э901-1-1 |
||
| 325 | _aКопия доступна в Электрон. б-ке РНБ | ||
| 327 | 0 | _aИмператрица Елизавета Петровна и М. В. Ломоносов; вверху М. В. Ломоносов у мозаичной картины "Полтавская баталия"; внизу М. В. Ломоносов у телескопа | |
| 532 | 1 | 2 | _aЮбилейный. В память трехсотлетия царствующего дома. Процветание наук : конфект : Товарищество А. И. Абрикосова сыновей, Москва |
| 540 | 1 | _aЮбилейные. В память 300-летия царствующего дома. Процветание наук : конфеты | |
| 600 | 0 |
_aЕлизавета Петровна _cимператрица российская _f1709 - 1762 _jИзоиздания _91057271 _3RU\NLR\AUTH\66409746 |
|
| 600 | 1 |
_aЛомоносов _bМ. В. _f1711 - 1765 _gМихаил Васильевич _jИзоиздания _91017355 _3RU\NLR\AUTH\6670544 |
|
| 606 | 1 |
_aУпаковки _xХудожественное оформление _yРоссия _z19 - 20 вв. _92340120 _3RU\NLR\AUTH\6601622390 |
|
| 606 | 1 |
_aКонфеты _xУпаковка _92581857 _3RU\NLR\AUTH\6601736797 |
|
| 686 | 1 | _aЩ129.93(2Р=Рус)53 | |
| 702 | 0 |
_4570 _7ca _8rus _aЕлизавета Петровна _cимператрица российская _f1709-1762 _9118551 _3RU\NLR\AUTH\778655 |
|
| 702 | 1 |
_4570 _7ca _8rus _aЛомоносов _bМ. В. _f1711-1765 _gМихаил Васильевич _9112866 _3RU\NLR\AUTH\772859 |
|
| 711 | 0 | 2 |
_a"Абрикосов, А. И., сыновья", фабрично-торговое товарищество _cМосква _9342287 _3RU\NLR\AUTH\8810228721 |
| 712 | 0 | 0 |
_4650 _4610 _aКушнерев, _cМосква _gИ. Н. и Ко, _hтипография _9594390 _3RU\NLR\AUTH\8810047278 |
| 830 | _aДатировка - по 300-летию Дома Романовых. АЯ ОЭФ | ||
| 852 | 0 | 0 |
_aNLR _bЭ _jПр.гр./Э901-1-1 _mЭаф15016 |
| 852 | 0 | 0 |
_aNLR _bЭ _jПр.гр./Э901-1-1 _mЭаф15443 |
| 856 | 0 | _uhttps://vivaldi.nlr.ru/lp000010018/view | |
| 856 | 1 | _uhttps://vivaldi.nlr.ru/lp000010018/cover | |
| 856 | 2 | _uhttps://vivaldi.nlr.ru/lp000010018/text | |
| 942 | _cVISUAL | ||
| 980 | _aNB | ||
| 981 | 1 | 7 |
_a(17) Изографические материалы _b(17) Эстампы |